Vista normal
Vista MARC
Entrada Personal Name
Número de registros utilizados en: 1
001 - CONTROL NUMBER
- control field: 16934
003 - CONTROL NUMBER IDENTIFIER
- control field: DLC
005 - DATE AND TIME OF LATEST TRANSACTION
- control field: 20250403093614.0
008 - FIXED-LENGTH DATA ELEMENTS
- fixed length control field: 800721n| azannaabn |a aaa
010 ## - LIBRARY OF CONGRESS CONTROL NUMBER
- LC control number: n 50035914
024 7# - OTHER STANDARD IDENTIFIER
- Standard number or code: 0000000114743276
- Source of number or code: isni
035 ## - SYSTEM CONTROL NUMBER
- System control number: (OCoLC)oca00071188
040 ## - CATALOGING SOURCE
- Original cataloging agency: DLC
- Language of cataloging: spa
- Description conventions: rda
- Transcribing agency: Mx-PuUPA
- Modifying agency: DLC
- Modifying agency: UPB
- Modifying agency: NL-TiUL
- Modifying agency: OCoLC
- Modifying agency: NL-TiUL
- Modifying agency: Mx-PuUPA
046 ## - SPECIAL CODED DATES
- Birth date: 19310602
- Source of date scheme: edtf
100 1# - HEADING--PERSONAL NAME
- Personal name: O'Collins, Gerald,
- Dates associated with a name: 1931-
370 ## - ASSOCIATED PLACE
- Place of birth: Melbourne (Vic.)
- Source of term: naf
372 ## - FIELD OF ACTIVITY
- Field of activity: Theología
- Field of activity: Theología, Doctrinal
- Source of term: lcsh
373 ## - ASSOCIATED GROUP
- Associated group: Jesuitas
- Associated group: St. Mary's College (Twickenham, Londres, Inglaterra)
- Associated group: Pontificia Universidad Gregoriana
- Source of term: naf
374 ## - OCCUPATION
- Occupation: Sacerdote
- Occupation: Educador religioso
- Occupation: Autor
- Source of term: lcsh
375 ## - GENDER
- Gender: hombre
377 ## - ASSOCIATED LANGUAGE
- Language code: eng
400 1# - SEE FROM TRACING--PERSONAL NAME
- Personal name: O'Collins, Gerald Glynn
- Dates associated with a name: 1931-
670 ## - SOURCE DATA FOUND
- Source citation: Patrick McMahon Glynn, 1965.
670 ## - SOURCE DATA FOUND
- Source citation: Problems and perspectives of fundamental theology, c1982:
- Information found: t.p. (Gerald O'Collins) p. 404 (Gerald Glynn O'Collins; b. 1931; prof. at Gregorian Univ., Roma)
670 ## - SOURCE DATA FOUND
- Source citation: Believing, c1991:
- Information found: CIP t.p. (Gerald O'Collins, S.J.) data sheet (b. June 2, 1931)
670 ## - SOURCE DATA FOUND
- Source citation: Catholicism, c2008:
- Information found: t.p. (Gerald O'Collins)
670 ## - SOURCE DATA FOUND
- Source citation: Information from 678 converted Dec. 15, 2014
- Information found: (S.J.)
670 ## - SOURCE DATA FOUND
- Source citation: Wikipedia, viewed June 3, 2024
- Information found: (Gerald O'Collins; Gerald Glynn O'Collins SJ AC; born 1931 in Melbourne, Australia; Jesuit priest and academic; former research professor and writer-in-residence at the Jesuit Theological College (JTC) in Parkville, Victoria, and research professor in theology at St Mary's University College in Twickenham; for more than three decades professor of systematic and fundamental theology at the Pontifical Gregorian University (Rome))
- Uniform Resource Identifier: https://en.wikipedia.org/wiki/Gerald_O%27Collins